000 00580nam a2200193 a 4500
001 000026673
003 DO-SdBNP
005 20220930102000.0
007 ta
008 110324s1939 dr ab 000 0 spa d
040 _aDO-SdBNP
_bspa
_cBNPHU
049 _aBNPD
082 4 _222
100 1 _aInchaustegui, J. Marino
_953793
245 1 0 _aGeografía descriptiva de la República Dominicana :
_bquinto curso /
_cJ. Marino Inchaustegui.
260 _aSantiago, República Dominicana :
_bEditorial el Diario,
_c1939.
300 _a106 p. :
_bil., map. ;
_c22 cm.
942 _2ddc
_cLBS1
999 _c26165
_d26165